Pokémon nach hoher Initiative - Statistiken

Allgemein
  • Dieses Quiz wurde 45 mal gespielt
  • Das Durchschnittsergebnis liegt bei 81 aus 217
Antwortstatistiken
Basiswert Pokémon % Korrekt
150 Deoxys
84%
150 Deoxys (Angriffsform)
84%
180 Deoxys (Initiativeform)
84%
110 Alola-Raichu
79%
110 Gengar
79%
130 Mega-Gengar
79%
100 Mew
79%
110 Raichu
79%
100 Glurak
74%
100 Mega-Glurak X
74%
100 Mega-Glurak Y
74%
130 Mega-Mewtu X
74%
140 Mega-Mewtu Y
74%
115 Mega-Rayquaza
74%
130 Mewtu
74%
150 Hisui-Lektrobal
68%
130 Iksbat
68%
150 Lektrobal
68%
150 Mega-Simsala
68%
121 Mega-Tauboss
68%
101 Tauboss
68%
130 Blitza
63%
100 Brutalanda
63%
100 Entei
63%
100 Galar-Zapdos
63%
102 Knakrack
63%
110 Latias
63%
110 Latios
63%
110 Lugia
63%
120 Mega-Brutalanda
63%
110 Mega-Latias
63%
110 Mega-Latios
63%
100 Mega-Lohgock
63%
160 Ninjask
63%
100 Paldea-Tauros
63%
120 Partner-Pikachu
63%
115 Raikou
63%
100 Shaymin (Landform)
63%
127 Shaymin (Zenitform)
63%
120 Simsala
63%
110 Tauros
63%
100 Zapdos
63%
120 Gewaldro
58%
108 Kobalium
58%
145 Mega-Bibor
58%
145 Mega-Gewaldro
58%
112 Mega-Lucario
58%
115 Tobutz
58%
108 Viridium
58%
120 Arceus
53%
122 Ash-Quajutsu
53%
100 Celebi
53%
108 Keldeo
53%
100 Libelldra
53%
100 Manaphy
53%
100 Palkia
53%
120 Palkia (Urform)
53%
108 Panferno
53%
122 Quajutsu
53%
200 Regieleki
53%
125 Schwalboss
53%
125 Snibunna
53%
100 Staraptor
53%
100 Tornupto
53%
130 Aerodactyl
47%
125 Darkrai
47%
126 Fiaro
47%
105 Kadabra
47%
142 Katapuldra
47%
150 Mega-Aerodactyl
47%
100 Mega-Guardevoir
47%
135 Mega-Voltenso
47%
108 Terrakium
47%
105 Voltenso
47%
111 Boreos (Inkarnationsform)
42%
121 Boreos (Tiergeistform)
42%
110 Dodri
42%
135 Galar-Flampivian (Trance-Modus)
42%
105 Gallopa
42%
115 Hisui-Sniebel
42%
100 Ibitak
42%
100 Jirachi
42%
110 Mega-Galagladi
42%
110 Psiana
42%
113 Serpiroyal
42%
115 Sniebel
42%
123 UHaFnir
42%
115 10%-Zygarde
37%
115 Bojelin
37%
103 Emolga
37%
105 Galar-Gallopa
37%
100 Hisui-Voltobal
37%
110 Hisui-Zoroark
37%
115 Mega-Absol
37%
115 Mega-Hundemon
37%
135 Mega-Schlapor
37%
105 Mega-Tohaido
37%
105 Schlapor
37%
112 Shnurgarst
37%
115 Starmie
37%
100 Voltobal
37%
105 Wie-Shu
37%
138 Zacian (Heldenhafter Krieger)
37%
148 Zacian (König des Schwertes)
37%
105 Zoroark
37%
110 Alola-Digdri
32%
115 Alola-Snobilikat
32%
101 Demeteros (Inkarnationsform)
32%
120 Digdri
32%
135 Flatterhaar
32%
110 Frosdedje
32%
130 Kapu-Riki
32%
109 Katagami
32%
107 Kopplosio
32%
119 Liberlo
32%
123 Maskagato
32%
110 Mega-Metagross
32%
105 Mega-Pinsir
32%
128 Meloetta (Tanzform)
32%
100 Miltank
32%
151 Schabelle
32%
115 Snobilikat
32%
129 Ultra-Necrozma
32%
111 Voltolos (Inkarnationsform)
32%
101 Voltolos (Tiergeistform)
32%
138 Zamazenta (Heldenhafter Krieger)
32%
128 Zamazenta (König des Schildes)
32%
143 Zeraora
32%
110 Aeropteryx
26%
121 Agoyon
26%
109 Alola-Vulnona
26%
117 Amfira
26%
103 Anego
26%
112 Cerapendra
26%
150 Coronospa (Rappenreiter)
26%
101 Dedenne
26%
116 Eisenkrieger
26%
130 Endynalos
26%
104 Fennexis
26%
114 Fletiamo
26%
120 Intelleon
26%
135 Koraidon
26%
100 Letarking
26%
110 Mega-Diancie
26%
100 Mega-Firnontor
26%
100 Mega-Meditalis
26%
135 Miraidon
26%
100 Regigigas
26%
105 Sichlor
26%
120 Snieboss
26%
105 Traunmagil
26%
130 Unendynamax-Endynalos
26%
100 Victini
26%
108 Voltula
26%
100 Vulnona
26%
115 Ambidiffel
21%
111 Brüllschweif
21%
136 Eisenbündel
21%
110 Eisenfalter
21%
105 Elektek
21%
116 Elfun
21%
105 Hisui-Dressella
21%
100 Mega-Kangama
21%
105 Pamomamo
21%
110 Papungha
21%
130 Phantoross
21%
100 Ramoth
21%
105 Zarude
21%
116 Zebritz
21%
135 Baojian
16%
136 Barrakiefa
16%
121 Bellektro
16%
104 Eisenblatt
16%
124 Eisenfels
16%
106 Eisenrad
16%
109 Elezard
16%
109 Fermicula
16%
100 Galar-Geradaks
16%
100 Galar-Pantimos
16%
100 Geradaks
16%
101 Grillchita
16%
120 Meteno (Kernform)
16%
106 Pyroleo
16%
118 Resladero
16%
101 Sandfell
16%
101 Sodachita
16%
100 Tentoxa
16%
101 Vegichita
16%
125 Voltrean
16%
112 Wolwerock (Tagform)
16%
110 Wolwerock (Zwielichtform)
16%
100 Yuyu
16%
102 Coiffwaff
11%
106 Cupidos (Inkarnationsform)
11%
100 Delfinator
11%
100 Delfinator (Heldenform)
11%
119 Donnersichel
11%
108 Eisenhals
11%
145 Hydragil
11%
106 Kleoparda
11%
125 Marshadow
11%
110 Ogerpon
11%
102 Phandra
11%
104 Psiaugon
11%
109 Windewoge
11%
110 Affiti
5%
124 Bandelby
5%
106 Benesaru
5%
115 Chillabell
5%
100 Curelei
5%
111 Famieps
5%
105 Frigometri
5%
130 Kubuin (Wohlfühlkopf)
5%
121 Mopex
5%
105 Psiopatra
5%
120 Schligdri
5%
100 Tenterra
5%
Keine übereinstimmenden Quizze gefunden
Verteilung der Resultate
Anzahl Personen mit jedem Resultat
Perzentil nach korrekt beantworteten Fragen
Ihre Resultats-Entwicklung
Sie haben dieses Quiz noch nicht gespielt